Mangas et anime - Quiz par lettre - H - Statistiques

Statistiques générales
  • Ce quiz a été pris 398 fois
  • Le résultat moyen est 12 sur 20
Statistiques - réponses
Indice Réponse % Correct
Manga avec comme protagonistes Gon Freecs et Killua Zoldyck Hunter x Hunter
99%
Complétez ces titres: My ___ Academia, ___ Tales, My Home ___ Hero
96%
C'est ainsi que l'on nomme les mangas à caractère pornographique Hentai
91%
Membre du clan Hyuga faisant partie de l'équipe 8 et amoureuse de Naruto Hinata
91%
Manga de Haruichi Furudate sur le volleyball Haikyuu
90%
Complétez ces titres: ___sing, ___'s Paradise Hell
86%
Dans One Piece, il est "des Rois", "de l'Observation" ou "de l'Armement" Haki
82%
Le dirigeant de Konoha, dans Naruto Hokage
79%
Sport pratique dans le manga Little Hands Handball
73%
Manga de boxe dessiné par George Morikawa depuis 1989 Hajime no Ippo
72%
Hamster orange et blanc tout mignon protagoniste du manga énonyme Hamtaro
64%
Dans Bleach, ce sont les créatures masquées naissant d'âmes humaines corrompues Hollow
64%
Dans Saint Seiya, c'est le dieu qui revient affronter Athena tous les 200 ans environ Hadès
57%
Dans FullMetal Alchemist, Envy, Gluttony et Lust en sont trois parmi les sept Homonculus
51%
Genre dans lequel Junji Ito, Kazuo Umezu et Shigeru Mizuki se sont illustrés Horreur
40%
Le nom original du manga Ken le Survivant Hokuto no Ken
35%
Le monde alternatif dans lequel les précédents se trouvent habituellement Hueco Mundo
27%
Adapatation en série animée d'un roman suisse de 1880 réalisée par Isao Takahata avec Hayao Miyazaki au layout Heidi
23%
City Hunter, Angel Heart, Cat's Eyes...Ce sont des mangas de Tsukasa ___ Hojo
11%
Série de manga satyrique mettant en scène les pays ayant forme humaine Hetalia
7%
Aucun quiz correspondant
Distribution des résultats
% des personnes avec chaque résultat
Percentile par nombre de réponses
Votre historique - résultats
Vous n’avez pas pris ce quiz